[Event "GER-chT U10"]
[Site "Magdeburg"]
[Date "2013.12.28"]
[Round "5.3"]
[White "Floeter, Nico"]
[Black "Junghans, Richard"]
[Result "1/2-1/2"]
[WhiteElo "1078"]
[BlackElo "789"]
[PlyCount "60"]
[EventDate "2013.12.27"]
[EventType "team-swiss"]
[EventRounds "5"]
[EventCountry "GER"]
[SourceTitle "EXT 2015"]
[Source "ChessBase"]
[SourceDate "2014.11.20"]
[SourceVersion "1"]
[SourceVersionDate "2014.11.20"]
[SourceQuality "1"]
[WhiteTeam "Bernhausen"]
[BlackTeam "Leipzig Gruen Weiss II"]
[WhiteTeamCountry "GER"]
[BlackTeamCountry "GER"]

1. e4 e5 2. Nf3 Nc6 3. Bb5 a6 4. Ba4 b5 5. Bb3 Bc5 6. 0-0 Nf6 7. Re1 d5 8. d3 Bg4 9. c3 0-0 10. Nbd2 Qd7 11. Nf1 h6 12. Ng3 Rfe8 13. Bc2 Red8 14. d4 exd4 15. cxd4 Bxd4 16. h3 Bxf3 17. Qxf3 Nb4 18. Bb3 Re8 19. a3 Nc6 20. Bd2 Rad8 21. Rab1 a5 22. Bc2 Be5 23. Rbd1 d4 24. Nf5 d3 25. Be3 b4 26. a4 Bxb2 27. Qg3 Nh5 28. Qg4 g6 29. Nxh6+ Kg7 30. Nf5+ Kh7 1/2-1/2

[Event "GER-chT U10"]
[Site "Magdeburg"]
[Date "2013.12.28"]
[Round "3.3"]
[White "Floeter, Nico"]
[Black "Roessl, Adam"]
[Result "1-0"]
[WhiteElo "1078"]
[BlackElo "944"]
[PlyCount "63"]
[EventDate "2013.12.27"]
[EventType "team-swiss"]
[EventRounds "5"]
[EventCountry "GER"]
[SourceTitle "EXT 2015"]
[Source "ChessBase"]
[SourceDate "2014.11.20"]
[SourceVersion "1"]
[SourceVersionDate "2014.11.20"]
[SourceQuality "1"]
[WhiteTeam "Bernhausen"]
[BlackTeam "Harksheide"]
[WhiteTeamCountry "GER"]
[BlackTeamCountry "GER"]

1. e4 e5 2. Nf3 Nc6 3. Bb5 a6 4. Ba4 d6 5. h3 Nf6 6. d3 Be7 7. 0-0 0-0 8. Re1 d5 9. Nbd2 d4 10. a3 Qd6 11. Nf1 Nh5 12. Ng3 Qg6 13. Nxe5 Nxe5 14. Qxh5 Qxh5 15. Nxh5 Rd8 16. Bf4 Ng6 17. Bxc7 Rf8 18. Bb6 a5 19. Bxd4 Ra6 20. Bxg7 Rd8 21. Bc3 Nh4 22. Re3 Bd6 23. Nf6+ Kf8 24. Nxh7+ Kg8 25. Nf6+ Kh8 26. Ne8+ Kh7 27. Nf6+ Kg6 28. e5 Nf5 29. Re4 Be7 30. Rg4+ Kh6 31. Bd2+ Ne3 32. Bxe3# 1-0